Geology of Glacier National Park and the Flathead region, northwestern Montana. (Record no. 29346)

MARC details
000 -LEADER
fixed length control field 00941cam a22002651i 4500
001 - CONTROL NUMBER
control field gs 59000174
003 - CONTROL NUMBER IDENTIFIER
control field DLC
005 - DATE AND TIME OF LATEST TRANSACTION
control field 20260227111408.0
008 - FIXED-LENGTH DATA ELEMENTS--GENERAL INFORMATION
fixed length control field 780317s1959 dcuabd b f000 0 eng
010 ## - LIBRARY OF CONGRESS CONTROL NUMBER
LC control number gs 59000174
035 ## - SYSTEM CONTROL NUMBER
System control number (OCoLC)3727007
040 ## - CATALOGING SOURCE
Original cataloging agency DLC
Transcribing agency OClU
Modifying agency OCoLC
-- ISS
-- OCoLC
-- DLC
050 00 - LIBRARY OF CONGRESS CALL NUMBER
Classification number QE75
Item number .P9 no. 296
082 ## - DEWEY DECIMAL CLASSIFICATION NUMBER
Classification number 557.868
086 0# - GOVERNMENT DOCUMENT CLASSIFICATION NUMBER
Classification number I 19.16:296
100 1# - MAIN ENTRY--PERSONAL NAME
Personal name Ross, Clyde P.
Fuller form of name (Clyde Polhemus),
Dates associated with a name 1891-
245 10 - TITLE STATEMENT
Title Geology of Glacier National Park and the Flathead region, northwestern Montana.
260 ## - PUBLICATION, DISTRIBUTION, ETC.
Place of publication, distribution, etc. Washington :
Name of publisher, distributor, etc. U.S. Govt. Print. Off.,
Date of publication, distribution, etc. 1959.
300 ## - PHYSICAL DESCRIPTION
Extent iv, 125 p. :
Other physical details ill., maps (part col.) diagrs., tables. ;
Dimensions 30 cm.
410 20 - SERIES STATEMENT/ADDED ENTRY--CORPORATE NAME [OBSOLETE, CAN/MARC], [LOCAL, USA]
Corporate name or jurisdiction name as entry element Geological Survey (U.S.).
Title of a work Professional paper ;
Volume number/sequential designation 296
500 ## - GENERAL NOTE
General note Three colored maps and colored diagr. in pocket.
504 ## - BIBLIOGRAPHY, ETC. NOTE
Bibliography, etc. note Bibliography : p. 118-121.
651 #0 - SUBJECT ADDED ENTRY--GEOGRAPHIC NAME
Geographic name Glacier National Park (Mont.)
650 #0 - SUBJECT ADDED ENTRY--TOPICAL TERM
Topical term or geographic name entry element Geology
Geographic subdivision Montana
-- Flathead region

No items available.

Powered by Koha